000 01053nam a2200313Ia 4500
005 20220317001505.0
008 161108s1999 sp g 000 0 spa
020 _a9788449304538
082 0 4 _a155.4
_bW35e
100 1 _aWinnicott, Donald Woods
_d1896-1971
245 1 0 _aEscritos de pediatría y psicoanálisis
_cDonald W. Winnicott ; traducción de Jordi Beltrán
250 _a1a. edición, 6a reimpresión
300 _a431 páginas
_c22 cm
490 _aPsicología profunda
504 _aIncluye bibliografía
534 _tThrough paedatrics to psycho-analysis
650 1 4 _2LEMB
_aPsicologia infantil
650 1 4 _2LEMB
_aDesarrollo infantil
650 1 4 _2LEMB
_aPediatria
650 1 4 _2LEMB
_aPsicoanalisis infantil
650 1 4 _2LEMB
_aPsicoanalisis
700 1 _aBeltrán, Jordi
_d1943-
_etraductor
_974226
942 _2ddc
_cBK
264 _aBarcelona
_bPaidós
_c1999
336 _atexto
_btxt
_2rdacontent
337 _asin mediación
_bn
_2rdamedia
338 _avolumen
_bnc
_2rdacarrier
040 _aCO-BoRNBP
_bspa
_erda
_cCO-BoRNBP
999 _c7135
_d7135